000 00688nam a2200253Ia 4500
003 OSt
005 20221007080408.0
006 a|||||r|||| 00| 0
007 ta
008 221006b |||||||| |||| 00| 0 eng d
024 _a41,690
037 _cTextual
040 _aFLL
_cFLL
_beng
041 _2eng
_aeng
082 _aZ(Q7), Q3
100 _aMahmood Tahir
245 0 _aIntroduction to muslim law; reprint 2014
250 _a1st
260 _aNew Delhi
_bUniversal Law Publishing Co. India
_c2014
300 _axxviii,302p
_ccm.
700 _a Mahmood Saif
_9694782
942 _hZ(Q7), Q3
_cTEXL
_2CC
999 _c1159463
_d1159463